Statistics for 駅名クイズ - 東武鉄道 ver.

Click here to take the quiz!

General Stats

  • This quiz has been taken 12 times
  • The average score is 151 of 219

Answer Stats

NumberAnswer% Correct
TS01浅草
100%
TS09北千住
100%
TS30東武動物公園
100%
TS28北春日部
100%
TD10 | TS27春日部
100%
TS20新越谷
100%
TS21越谷
100%
TS04曳舟
100%
TS03押上
100%
TI10館林
90%
TI18太田
90%
TI34佐野
90%
TN56鬼怒川温泉
90%
TS29姫宮
90%
TS05東向島
90%
TN25東武日光
90%
TS07堀切
90%
TI24新伊勢崎
90%
TS22北越谷
90%
TN55東武ワールドスクウェア
90%
TS06鐘ヶ淵
90%
TI25伊勢崎
90%
TN23下今市
90%
TS17獨協大学前
90%
TS16草加
90%
TS02とうきょうスカイツリー
90%
TS13西新井
90%
TS44亀戸
90%
TN11栃木
90%
TN57鬼怒川公園
80%
TD01大宮
80%
TD05七里
80%
TN58新藤原
80%
TN07板倉東洋大前
80%
TN40東武宇都宮
80%
TN39南宇都宮
80%
TD06岩槻
80%
TN13合戦場
80%
TN12新栃木
80%
TN24上今市
80%
TD31鎌ヶ谷
80%
TD13川間
80%
TJ18ふじみ野
80%
TJ33小川町
80%
TJ32武蔵嵐山
80%
TJ30森林公園
80%
TJ29東松山
80%
TJ27北坂戸
80%
TJ26坂戸
80%
TJ22川越市
80%
TJ21川越
80%
TJ13朝霞台
80%
TD14七光台
80%
TJ12朝霞
80%
TJ01池袋
80%
TD35船橋
80%
TD30新鎌ヶ谷
80%
TD28高柳
80%
TD24
80%
TD22流山おおたかの森
80%
TD19運河
80%
TD17野田市
80%
TN02幸手
80%
TJ47越生
80%
TI02久喜
80%
TI09茂林寺前
80%
TS25武里
80%
TS23大袋
80%
TS41小村井
80%
TS42東あずま
80%
TI15足利市
80%
TS19蒲生
80%
TS18新田
80%
TS43亀戸水神
80%
TS51大師前
80%
TS15谷塚
80%
TS14竹ノ塚
80%
TS26一ノ割
80%
TS24せんげん台
80%
TI07羽生
80%
TS12梅島
80%
TS08牛田
80%
TS11五反野
80%
TS10小菅
80%
TJ09下赤塚
70%
TI04花崎
70%
TJ10成増
70%
TD25新柏
70%
TD27逆井
70%
TJ11和光市
70%
TJ07上板橋
70%
TD29六実
70%
TJ06ときわ台
70%
TJ05中板橋
70%
TD26増尾
70%
TJ08東武練馬
70%
TD02北大宮
70%
TJ04大山
70%
TI08川俣
70%
TI05加須
70%
TD23豊四季
70%
TD03大宮公園
70%
TJ03下板橋
70%
TJ02北池袋
70%
TI06南羽生
70%
TJ39寄居
70%
TD07東岩槻
70%
TI01和戸
70%
TD34新船橋
70%
TD12南桜井
70%
TD21初石
70%
TD15清水公園
70%
TI12
70%
TD11藤の牛島
70%
TJ14志木
70%
TJ24鶴ヶ島
70%
TJ31つきのわ
70%
TI55新桐生
70%
TI57赤城
70%
TI44東小泉
70%
TI45小泉町
70%
TI46西小泉
70%
TN01杉戸高野台
70%
TN03南栗橋
70%
TN04栗橋
70%
TN06柳生
70%
TI33佐野市
70%
TJ23霞ヶ関
70%
TN18新鹿沼
70%
TJ20新河岸
70%
TN35おもちゃのまち
70%
TJ19上福岡
70%
TD32馬込沢
70%
TJ16みずほ台
60%
TI03鷲宮
60%
TJ35みなみ寄居
60%
TI39葛生
60%
TI52治良門橋
60%
TJ15柳瀬川
60%
TI56相老
60%
TJ28高坂
60%
TD20江戸川台
60%
TJ17鶴瀬
60%
TD18梅郷
60%
TN15東武金崎
60%
TD16愛宕
60%
TI23剛志
60%
TI47竜舞
60%
TN38江曽島
60%
TN19北鹿沼
60%
TN05新古河
60%
TJ25若葉
60%
TN10新大平下
60%
TN33壬生
60%
TD33塚田
50%
TJ34東武竹沢
50%
TJ36男衾
50%
TI11多々良
50%
TN54小佐越
50%
TI31渡瀬
50%
TN08藤岡
50%
TJ46武州唐沢
50%
TI20木崎
50%
TI54阿左美
50%
TN16楡木
50%
TN53新高徳
50%
TI53藪塚
50%
TI51三枚橋
50%
TJ38玉淀
50%
TI16野州山辺
50%
TD04大和田
50%
TJ37鉢形
50%
TD08豊春
50%
TI37田沼
50%
TN17樅山
50%
TI38多田
40%
TJ45東毛呂
40%
TJ44武州長瀬
40%
TI32田島
40%
TN09静和
40%
TN14家中
40%
TN31野州平川
40%
TN20板荷
40%
TJ43川角
40%
TI22境町
40%
TI36吉水
40%
TN32野州大塚
40%
TJ41一本松
40%
TI21世良田
40%
TN51大谷向
40%
TN52大桑
40%
TI19細谷
40%
TI14東武和泉
40%
TD09八木崎
40%
TI13福居
40%
TJ42西大家
30%
TI35堀米
30%
TI17韮川
30%
TN37西川田
30%
TN36安塚
30%
TN34国谷
30%
TI43篠塚
30%
TI42本中野
30%
TI41成島
30%
TN21下小代
30%
TN22明神
20%

Score Distribution

Percentile by Number Answered

Percent of People with Each Score

Your Score History

You have not taken this quiz